Tous les clubs qui ont battu le PSG en coupe de France après 2000/2001 - Statistiques

Statistiques générales
  • Ce quiz a été pris 105 fois
  • Le résultat moyen est 9 sur 14
Statistiques - réponses
Saison Tour Score Réponse % Correct
2022/2023 8e de finale 1-2 Marseille
98%
2007/2008 Finale 0-1 Lyon
93%
2011/2012 Quart de finale 1-3 Lyon
93%
2021-2022 8e de finale 0-0 (5-6) Nice
89%
2010/2011 Finale 0-1 Lille
88%
2018/2019 Finale 2-2 (5-6) Rennes
88%
2013/2014 8e de finale 1-2 Montpellier
76%
2000/2001 16e de finale 0-4 Auxerre
54%
2002/2003 Finale 1-2 Auxerre
54%
2004/2005 8e de finale 2-3 Auxerre
54%
2001/2002 Quart de finale 0-1 Lorient
51%
2006/2007 Quart de finale 1-2 Sochaux
48%
2012/2013 Quart de finale 1-1 (1-4) Evian TG
41%
2008/2009 8e de finale 1-3 Rodez
16%
Aucun quiz correspondant
Distribution des résultats
% des personnes avec chaque résultat
Percentile par nombre de réponses
Votre historique - résultats
Vous n’avez pas pris ce quiz